Statistics for Countries of Asia and Africa

Click here to take the quiz!

General Stats

  • This quiz has been taken 98 times
  • The average score is 87 of 104

Answer Stats

Answer% Correct
India
100%
Israel
98%
Japan
98%
North Korea
98%
Afghanistan
95%
Bhutan
95%
China
95%
Mongolia
95%
Pakistan
95%
South Korea
95%
Yemen
95%
Chad
93%
Iran
93%
Iraq
93%
Malaysia
93%
Uzbekistan
93%
Vietnam
93%
Armenia
91%
Ethiopia
91%
Jordan
91%
Thailand
91%
Turkey
91%
Zimbabwe
91%
Algeria
89%
Angola
89%
Azerbaijan
89%
Bangladesh
89%
Georgia
89%
Myanmar
89%
Saudi Arabia
89%
Singapore
89%
Sudan
89%
Zambia
89%
Botswana
86%
Brunei
86%
Democratic Republic of the Congo
86%
Kazakhstan
86%
Mauritius
86%
Nepal
86%
Oman
86%
Qatar
86%
South Africa
86%
Sri Lanka
86%
Taiwan
86%
Turkmenistan
86%
United Arab Emirates
86%
Cambodia
84%
Cyprus
84%
East Timor
84%
Eritrea
84%
Gambia
84%
Guinea
84%
Guinea-Bissau
84%
Kyrgyzstan
84%
Lebanon
84%
Libya
84%
Malawi
84%
Niger
84%
Nigeria
84%
South Sudan
84%
Bahrain
82%
Benin
82%
Cape Verde
82%
Comoros
82%
Djibouti
82%
Eswatini
82%
Ghana
82%
Indonesia
82%
Ivory Coast
82%
Madagascar
82%
Mauritania
82%
Morocco
82%
Namibia
82%
Syria
82%
Tajikistan
82%
Gabon
80%
Laos
80%
Lesotho
80%
Liberia
80%
Mali
80%
Somalia
80%
Tanzania
80%
Togo
80%
Tunisia
80%
Burundi
77%
Cameroon
77%
Central African Republic
77%
Congo
77%
Equatorial Guinea
77%
Kenya
77%
Kuwait
77%
Senegal
77%
Egypt
75%
Maldives
75%
Seychelles
75%
Burkina Faso
73%
Rwanda
73%
Uganda
73%
Mozambique
70%
Sierra Leone
70%
Sao Tome and Principe
68%
Phillipines
50%
Russia
48%
Papua New Guinea
25%

Score Distribution

Percentile by Number Answered

Percent of People with Each Score

Your Score History

You have not taken this quiz